ბათუმის შოთა რუსთაველის სახელმწიფო უნივერსიტეტის ბიბლიოთეკა

European Union politics / (ბიბ.ჩანაწერი № 57985)

000 -LEADER
fixed length control field 01377cam a2200361 i 4500
001 - CONTROL NUMBER
control field 17745114
005 - DATE AND TIME OF LATEST TRANSACTION
control field 20210416132044.0
008 - FIXED-LENGTH DATA ELEMENTS--GENERAL INFORMATION
fixed length control field 130520s2013 enkab b 001 0 eng
010 ## - LIBRARY OF CONGRESS CONTROL NUMBER
LC control number 2013409061
020 ## - INTERNATIONAL STANDARD BOOK NUMBER
International Standard Book Number 9780199694754
040 ## - CATALOGING SOURCE
Original cataloging agency DLC
Language of cataloging eng
Transcribing agency DLC
Description conventions rda
Modifying agency DLC
042 ## - AUTHENTICATION CODE
Authentication code pcc
050 00 - LIBRARY OF CONGRESS CALL NUMBER
Classification number JN30
Item number .E9419 2013
080 ## - UNIVERSAL DECIMAL CLASSIFICATION NUMBER
Universal Decimal Classification number 341.242/2 C-58
245 00 - TITLE STATEMENT
Title European Union politics /
Statement of responsibility, etc. [edited by] Michelle Cini, Nieves Pérez-Soló́rzano Borragá́n.
250 ## - EDITION STATEMENT
Edition statement Fourth edition.
264 #1 - PRODUCTION, PUBLICATION, DISTRIBUTION, MANUFACTURE, AND COPYRIGHT NOTICE
Place of production, publication, distribution, manufacture Oxford :
Name of producer, publisher, distributor, manufacturer Oxford University Press,
Date of production, publication, distribution, manufacture, or copyright notice [2013]
300 ## - PHYSICAL DESCRIPTION
Extent xxxix, 450 pages :
Other physical details illustrations, map ;
Dimensions 25 cm
336 ## - CONTENT TYPE
Content type term text
Source rdacontent
337 ## - MEDIA TYPE
Media type term unmediated
Source rdamedia
338 ## - CARRIER TYPE
Carrier type term volume
Source rdacarrier
504 ## - BIBLIOGRAPHY, ETC. NOTE
Bibliography, etc. note Includes bibliographical references (pages 411-436) and index.
610 20 - SUBJECT ADDED ENTRY--CORPORATE NAME
Corporate name or jurisdiction name as entry element European Union
Form subdivision Textbooks.
9 (RLIN) 11409
651 #0 - SUBJECT ADDED ENTRY--GEOGRAPHIC NAME
Geographic name European Union countries
General subdivision Politics and government
Form subdivision Textbooks.
9 (RLIN) 11059
653 ## - INDEX TERM--UNCONTROLLED
keyword European Union Politics
653 ## - INDEX TERM--UNCONTROLLED
keyword ევროკავშირის პოლიტიკა
653 ## - INDEX TERM--UNCONTROLLED
keyword სამართალი
700 1# - ADDED ENTRY--PERSONAL NAME
Personal name Cini, Michelle.
9 (RLIN) 11410
700 1# - ADDED ENTRY--PERSONAL NAME
Personal name Borragan, Peres-Solorzano
9 (RLIN) 11411
906 ## - LOCAL DATA ELEMENT F, LDF (RLIN)
a 7
b cbc
c orignew
d 2
e ncip
f 20
g y-gencatlg
942 ## - ADDED ENTRY ELEMENTS (KOHA)
Source of classification or shelving scheme
Koha item type წიგნი
ეგზემპლარები
Withdrawn status Lost status Source of classification or shelving scheme Damaged status Not for loan Permanent Location Current Location Shelving location Date acquired Cost, normal purchase price Full call number Barcode Date last seen Copy number Price effective from Koha item type Public note
          ბათუმის შოთა რუსთაველის სახელმწიფო უნივერსიტეტის მთავარი ბიბლიოთეკა ბათუმის შოთა რუსთაველის სახელმწიფო უნივერსიტეტის მთავარი ბიბლიოთეკა წიგნსაცავი 2021-04-16 88.00 341.242/2 C-58 54197 2021-04-16 54197 2021-04-16 წიგნი 88.00 GEL.
          ბათუმის შოთა რუსთაველის სახელმწიფო უნივერსიტეტის მთავარი ბიბლიოთეკა ბათუმის შოთა რუსთაველის სახელმწიფო უნივერსიტეტის მთავარი ბიბლიოთეკა წიგნსაცავი 2021-04-16 88.00 341.242/2 C-58 54198 2021-04-16 54198 2021-04-16 წიგნი 88.00 GEL.